Estatísticas para Seleção Brasileira - Copa América 2007

Clique aqui para jogar o quiz

Estatísticas Gerais

  • Esse quiz foi jogado 45 vezes
  • A pontuação média é 9 de 22

Estatísticas das Respostas

HintResposta% Correto
AtacanteRobinho
79%
Lateral DireitoDaniel Alves
70%
ZagueiroJuan
67%
Lateral EsquerdoGilberto
63%
Lateral DireitoMaicon
63%
GoleiroDoni
60%
VolanteGilberto Silva
51%
ZagueiroAlex
47%
Meio CampoElano
47%
AtacanteFred
47%
Meio CampoDiego
42%
Meio CampoJúlio Baptista
40%
Lateral EsquerdoKleber
35%
VolanteMineiro
35%
VolanteJosué
33%
AtacanteVagner Love
33%
ZagueiroAlex Silva
19%
AtacanteAfonso Alves
14%
AtacanteAnderson
12%
GoleiroHelton
12%
VolanteFernando
7%
ZagueiroNaldo
5%

Distribuição das Pontuações

Percentil de Números Respondidos

Porcentagem de Pessoas com Cada Pontuação

Sua Pontuação Histórica

Você não jogou esse quiz